00470nam a22001457a 4500020001800000082001600018100002400034245005000058260002500108300001000133650001300143942000700156999001700163952014400180 a9789332555235 a629.895 SCH aRobert J. Schilling aFundamentals of robotics analysis and control aDelhibPearsonc2015 a425p. aRobotics cBK c13735d13735 001040708NFICaCLbCLcGENd2016-09-28eAllied Book Companyg460.00l2o629.895 SCHpSEECS013519r2018-12-16s2018-12-16w2016-09-28yBK